Normal view
MARC view
- SUPERVISOR ASST PROFESSOR YASSER RIAZ AWAN ASSOCIATE PROFESSOR Dr YASAR AYAZ
Entry Personal Name
001 - CONTROL NUMBER
- control field: 70825
003 - CONTROL NUMBER IDENTIFIER
- control field: NUST
005 - DATE AND TIME OF LATEST TRANSACTION
- control field: 20210628204547.0
008 - FIXED-LENGTH DATA ELEMENTS
- fixed length control field: 210628|| aca||aabn | a|a d
040 ## - CATALOGING SOURCE
- Original cataloging agency: NUST
- Transcribing agency: NUST
100 ## - HEADING--PERSONAL NAME
- Personal name: SUPERVISOR ASST PROFESSOR YASSER RIAZ AWAN ASSOCIATE PROFESSOR Dr YASAR AYAZ
670 ## - SOURCE DATA FOUND
- Source citation: Work cat.: (NUST): NS Muhammad Taha Manzoor NS Noor-e-Mustafa NS Umer Sohail 70824, PR-SOF-1535-DESIGN AND FABRICATION OF QUADRUPED ROBOT, 2016
